000 03697cam a2200325 4500500
005 20260322012515.0
041 _afre
042 _adc
100 1 0 _aEllouze, Faten
_eauthor
700 1 0 _aAyasi, Sinda
_eauthor
700 1 0 _aCherif, Wissal
_eauthor
700 1 0 _aAmri, Hajer
_eauthor
700 1 0 _aMasmoudi, Slim
_eauthor
700 1 0 _aFadel M’rad, Mohamed
_eauthor
245 0 0 _aLe délire de filiation dans la psychose
260 _c2008.
500 _a83
520 _aLe processus de filiation est le processus par lequel un individu se reconnaît comme appartenant à une lignée et peut donc se situer tant par rapport à ses ascendants immédiats ou lointains qu’a ses descendants réels ou éventuels dans un réseau de parenté. Chez l’enfant, la constitution du lien de filiation est fonction de la mise en place de la structure oedipienne elle est aussi tributaire de l’organisation narcissique de l’individu. Différents auteurs s’accordent à attribuer à la psychose une problématique de filiation. Certains en font même le trouble essentiel. On est alors en droit de nous demander pourquoi ne trouve t-on pas systématiquement un délire de filiation chez nos patients schizophrènes ? Une première explication peut être le fait que ce délire bien que présent ne soit pas toujours verbalisé. Le sujet psychotique délire le plus souvent à bas bruit, son délire de filiation étant différemment exprimé, avoué, verbalisé ou agit. D’autres auteurs estiment par contre que tout délire de grandeur ou de persécution est à classer dans le délire de filiation en tant que posant une problématique d’appartenance (inclusion / exclusion) au groupe.
520 _aThe extension of the use of this word caused its use currently to cover several realities (biological, legal, symbolic System). The process of filiation is the process by which an individual recognizes himself like pertaining to a lineage and thus can be located as compared to his immédiate distant ascending rather than his real or possible descendants in a network of relationship. Filiation delusion generally corresponds to the ignorance of the real parents. Within the child, the constitution of the bond of filiation is a function of the installation of the oedipien structure but on another level, it is tributary of the narcissistic organization of the individual. It is to keep a référencé to idéal, constitutive parents at this period of a good narcissistic image of oneself that the child invents a family romance and can feel to descending from parents other than his real parents. Various authors thus agree to allot to the psychosis a filiation problem. Some make of it even the essential disorder. We have then the right to ask ourselves why can’t we systematically find a filiation delusion among our schizophrénie patients ? A first explanation can be the fact that this is delirious although present is not always charged. The subject psychotic is generally delirious with low noise, his filiation delusion being differently expressed, acknowledged, charged or acted. Other authors think on the other hand that all greatness or persecution delusion is to be classified in the filiation delusion as posing problem of membership (inclusion/exclusion) of the group.
690 _adélire
690 _afiliation
690 _aPsychose
690 _atroubles mentaux
690 _adelusion
690 _afiliation
690 _amental disorder
690 _aPsychosis
786 0 _nPsy Cause | 51 | 1 | 2008-01-03 | p. 41-43 | 1245-2394
856 4 1 _uhttps://shs.cairn.info/revue-psy-cause-2008-1-page-41?lang=fr&redirect-ssocas=7080
999 _c1773315
_d1773315